Constitución apostólica del Sumo Pontífice Juan Pablo II sobre las universidades católicas /

保存先:
書誌詳細
団体著者: Iglesia Católica. Papa (1978-2005 : Juan Pablo II)
フォーマット: 図書
言語:スペイン語
主題:
タグ: タグ追加
タグなし, このレコードへの初めてのタグを付けませんか!

MARC

LEADER 00000nam^a2200000^a^4500
001 000182886
005 20250521000000.0
009 20260310102021.008
037 |a Acervo ITESO - Biblioteca 
041 |a ESP 
082 |a 262. 91  |b IGL EXC JUA 1990 
110 |a Iglesia Católica.  |b Papa (1978-2005 : Juan Pablo II) 
240 1 1 |a [Constitución Apostólica] 
240 1 1 |a [Ex corde ecclesiae] 
245 1 0 |a Constitución apostólica del Sumo Pontífice Juan Pablo II sobre las universidades católicas /  |c Juan Pablo II. 
264 |a Guadalajara, México :  |b ITESO, Dirección General de Pastoral Universitaria  |c 1991 
300 |a 32 p. 
336 |a texto  |b txt  |2 rdacontenido 
337 |a sin mediación  |b n  |2 rdamedio 
338 |a volumen  |b nc  |2 rdasoporte 
649 |a XX 
650 |a Académicos 
650
650 |a Universidades Católicas -  |x Condiciones Sociales y Culturales 
650 |a Educación Superior -  |x Aspectos Sociales y Culturales 
650 |a Vida Cristiana 
650 |a Iglesia y Educación 
650 |a Iglesia y Problemas Sociales 
650 |a Constitución Apostólica 
650 |a Iglesia Católica -  |x Documentos Doctrinales 
650 |a Iglesia Católica -  |x Historia -  |x Documentos 
650 |a Iglesia Católica -  |x Historia -  |y Papa, 1978-2005 (Juan Pablo II) 
650 |a Teología Pastoral 
650 |a Cristianismo 
650 |a Religión 
910 |a Fondo General 
920 |a Impresos - Libros 
930 |a Colección General 
905 |a 101 
901 |a 0500123100  |b IT1  |c ACC  |u 20250521 
902 |a https://opac.biblio.iteso.mx/vufind/Record/000182886